Romances de la Falange (Record no. 58477)

MARC details
000 -LEADER
campo de control de longitud fija 00487nam a2200157 i 4500
001 - NÚMERO DE CONTROL
campo de control 58477
003 - IDENTIFICADOR DE NÚMERO DE CONTROL
campo de control ES-MaACL
005 - FECHA Y HORA DE LA ÚLTIMA TRANSACCIÓN
campo de control 20230906163821.0
007 - CAMPO FIJO DE DESCRIPCIÓN FÍSICA--INFORMACIÓN GENERAL
campo de control de longitud fija t|
008 - DATOS DE LONGITUD FIJA--INFORMACIÓN GENERAL
campo de control de longitud fija 031022s1939 sp ||||1| spa d
100 1# - ENTRADA PRINCIPAL--NOMBRE DE PERSONA
Nombre de persona Duyos Giorgeta, Rafael.
9 (RLIN) 46395
245 10 - MENCIÓN DEL TÍTULO
Título Romances de la Falange
Resto del título : primero y segundo pliegos /
Mención de responsabilidad, etc. menester de Rafael Duyos Giorgeta.
260 ## - PUBLICACIÓN, DISTRIBUCIÓN, ETC.
Lugar de publicación, distribución, etc. Valencia :
Nombre del editor, distribuidor, etc. [s.n.],
Fecha de publicación, distribución, etc. 1939 (
Fabricante Tip. Moderna)
300 ## - DESCRIPCIÓN FÍSICA
Extensión 118 p. ;
Dimensiones 22 cm.
852 ## - LOCALIZACIÓN
Ubicación ES-MaACL
Número de control de estantería 1691-F-15
Sublocalización o colección R.18305
Holdings
Estatus retirado Estado de pérdida Estado de daño No para préstamo Colección Biblioteca de origen Biblioteca actual Ubicación en estantería Fecha de adquisición Fuente de adquisición Total de préstamos Signatura topográfica completa Código de barras Visto por última vez Precio de reemplazo Tipo de ítem Koha
        Colección de folletos Biblioteca del Ateneo de Madrid Biblioteca del Ateneo de Madrid Depósito folletos 17/01/2008     1691-F-15 1061358 23/02/2023 23/02/2023 Folleto